000
00293nam a2200109Ia 4500
008
200302s9999 xx 000 0 und d
100
_a
Balkrishna Doshi
245
_a
Give Time a Break
260
_b
Vastu-Shilpa Foundation for Studies & Research
260
_c
2012
300
_a
15 P.,
999
_c
3199
_d
3199